000 01190nab a22002417a 4500
999 _c5491
_d5491
003 OSt
005 20251209120053.0
008 190502c xxu||||| |||| 00| 0 spa d
040 _cPJ
100 _aZimmermann, Frank
_96484
245 1 0 _a¡El delito no debe pagar! (Crime must not pay!) :
_bmodelos de regulación del decomiso /
_cFrank Zimmermann.
260 _aCiudad Autónoma de Buenos Aires :
_bThomson Reuters La Ley,
_c2025.
300 _ap. 3-8
500 _aCita Online: AR/DOC/1123/2025.
505 _aSumario: I. Introducción.— II. Consenso básico y problema inicial: ¡el delito no debe pagar! (Crime must not pay!).— III. Privación de los beneficios del delito. — IV. Problema especial: decomiso de bienes de origen poco claro.
505 _tFallo comentado: CS ~ 27/12/2024 ~ Soto, Joaquín s/ homicidio agravado.
505 _t¿Te interesa el texto completo? Solicitalo al correo: koha@justierradelfuego.gov.ar
650 0 _9343
_aDERECHO PENAL
650 0 _93136
_aDELITOS
650 0 _96463
_aDECOMISO
773 0 _02729
_93180
_dBuenos Aires : LexisNexis, 2006-
_tRevista de derecho penal y procesal penal. Nº 7 - Julio 2025
_z9875920622
942 _2udc
_cANA